000 00779nam a22002657a 4500
001 BR8007531
003 BR-BrBNA
005 20230928090851.0
007 ta
008 230509b bl.||||| |||| 00| 0 por d
040 _aBR-BrBNA
_bpor
_cBiblioteca Nacional de Agricultura
041 _a(Por)
072 _aK10
_b3240
_b8915
_b/G514
090 _ 3240 BR8007531
110 1 _aCoque e Alcool da Madeira S.A., Brasilia, DF (Brasil)
_92997
245 1 _aSuperintendencia de processos. Processo de producao de madeira Eucalyptus sp. [Brasil]
260 3 _aBrasilia, DF (Brasil):
_c1980.
300 _a8 p.
650 _aEUCALIPTO
650 _aMADEIRA
650 _aPRODUCAO FLORESTAL
650 _aPRATICA CULTURAL
909 _a202309
_bLucia
_c55
_dLucia Elande
942 _cBK
999 _c30990
_d30990